| 000 | 006470000a22002050004500 | ||
|---|---|---|---|
| 090 |
_aAR _b03247 |
||
| 245 | 1 | 0 | _aContracting problems and regulation: the case of the fishery |
| 500 | _a<Valoración y equidad> | ||
| 650 | 1 | 4 |
_aEconomía _993484 |
| 650 | 1 | 4 |
_aRegulación de la pesca _996825 |
| 650 | 1 | 4 |
_aRecursos naturales _992719 |
| 650 | 1 | 4 |
_aConvenios locales _996826 |
| 650 | 1 | 4 |
_aAutoregulación _995947 |
| 651 | 4 |
_dTexas _pEstados Unidos _992749 |
|
| 041 | 0 | _aInglés | |
| 700 | 1 |
_aLibecap, Gary D. _996827 |
|
| 100 | 1 |
_aJohnson, Ronald N. _996828 |
|
| 942 | _cARTICULO | ||
| 773 | 1 |
_tAmerican Economic Review _31432 _h5 _q1005-1022 _d1982 _g72 |
|
| 999 |
_c12301 _d12301 |
||